000
00249nam a2200097Ia 4500
005
20251222114354.0
008
251222s1900||||xx |||||||||||||| ||spa||
082
_a
DVD0093/S38
245
0
_a
Gestión de procesos productivos y empresariales:
942
_c
DVD
999
_c
1350
_d
1350